00783cam a2200205 i 4500020001500000020001500015082002700030100001600057245010600073260004900179300005600228500012000284500002000404526003700424650003900461650003300500650000800533700002000541700001600561 a0340123761 a034012377X00a692.8bKINcL-21, P-641 aKing, W. H.12aA metric manual of specifications and quantities for civil engineers /c[by] W.H. King, D.M.R. Esson. aLondon :bEnglish Universities Press,c1975. ax, 230 p. :bill., facsims., forms, plans ;c23 cm. aBased on the 5th ed. of A manual of specifications and quantities for civil engineers by A. Johnson and W. H. King. aIncludes index. a0b0c0d692_800000000000000_KIN 0aCivil engineeringxSpecifications. 0aEngineeringxSpecifications. 0aMCE1 aEsson, D. M. R.1 aJohnson, A.